[Event "Arab Clubs-chT 5th"]
[Site "Damascus"]
[Date "2003.07.17"]
[Round "2"]
[White "Al Khaja, Arif"]
[Black "Abbas, Baha Hussein"]
[Result "1-0"]
[WhiteElo "2094"]
[BlackElo "2260"]
[PlyCount "57"]
[EventDate "2003.07.17"]
[EventType "team"]
[EventRounds "9"]
[EventCountry "SYR"]
[SourceTitle "CBM 095 Extra"]
[Source "ChessBase"]
[SourceDate "2003.09.04"]
[SourceVersion "1"]
[SourceVersionDate "2003.09.04"]
[SourceQuality "1"]

1. d4 d5 2. Nf3 Nf6 3. c4 c6 4. Nc3 e6 5. Bg5 Nbd7 6. e3 Bb4 7. Qc2 Qa5 8. Nd2 Ne4 9. Ndxe4 dxe4 10. Bh4 0-0 11. Be2 f5 12. 0-0 h6 13. f3 exf3 14. Bxf3 Bd6 15. c5 Bb8 16. e4 Qc7 17. e5 Nxe5 18. dxe5 Qxe5 19. Bg3 Qxc5+ 20. Qf2 Qxf2+ 21. Bxf2 g6 22. Be2 Kf7 23. Bc4 a5 24. Bb6 Kf6 25. Rad1 Ba7 26. Na4 Ke7 27. Rfe1 Rf6 28. Bxa7 Rxa7 29. Nb6 1-0

[Event "Dubai op 5th"]
[Site "Dubai"]
[Date "2003.04.29"]
[Round "9"]
[White "Saleh, Nagueb M"]
[Black "Al Khaja, Arif"]
[Result "1-0"]
[WhiteElo "2210"]
[BlackElo "2101"]
[PlyCount "63"]
[EventDate "2003.04.20"]
[EventType "swiss"]
[EventRounds "9"]
[EventCountry "UAE"]
[SourceTitle "CBM 093 Extra"]
[Source "ChessBase"]
[SourceDate "2003.05.09"]
[SourceVersion "1"]
[SourceVersionDate "2003.05.09"]
[SourceQuality "1"]

1. c4 e6 2. Nf3 Nf6 3. Nc3 d5 4. d4 c6 5. Bg5 dxc4 6. e4 b5 7. e5 h6 8. Bh4 g5 9. Nxg5 hxg5 10. Bxg5 Nbd7 11. g3 Bb7 12. Bg2 Qb6 13. exf6 c5 14. d5 0-0-0 15. 0-0 Ne5 16. Qe2 Bd6 17. dxe6 Bxg2 18. Kxg2 Qc6+ 19. Qe4 b4 20. Qxc6+ Nxc6 21. e7 Rdg8 22. Ne4 Be5 23. Rac1 Na5 24. Rc2 Kc7 25. Rd1 Bd4 26. Be3 b3 27. axb3 cxb3 28. Rxc5+ Bxc5 29. Bxc5 Nc4 30. Rc1 Nb6 31. Bxb6+ Kxb6 32. Rc3 1-0

[Event "Dubai op 5th"]
[Site "Dubai"]
[Date "2003.04.28"]
[Round "8"]
[White "Al Khaja, Arif"]
[Black "Abdul, Majeed Mohamad"]
[Result "0-1"]
[WhiteElo "2101"]
[BlackElo "2270"]
[PlyCount "230"]
[EventDate "2003.04.20"]
[EventType "swiss"]
[EventRounds "9"]
[EventCountry "UAE"]
[SourceTitle "CBM 093 Extra"]
[Source "ChessBase"]
[SourceDate "2003.05.09"]
[SourceVersion "1"]
[SourceVersionDate "2003.05.09"]
[SourceQuality "1"]

1. d4 e6 2. c4 b6 3. a3 Bb7 4. Nc3 f5 5. d5 Nf6 6. g3 Bd6 7. Bg2 Be5 8. Na4 0-0 9. Nf3 Bd6 10. Nc3 c6 11. Bg5 Ba6 12. b3 Qe7 13. Qc1 Rc8 14. dxe6 dxe6 15. e4 Nbd7 16. 0-0 Ne5 17. exf5 exf5 18. Qc2 h6 19. Bd2 Bb7 20. Nxe5 Bxe5 21. Rfe1 Re8 22. Bf4 Qc5 23. Na4 Qd6 24. Rad1 Qc7 25. Qxf5 Bxf4 26. gxf4 Rad8 27. Rxe8+ Rxe8 28. Nc3 Bc8 29. Qd3 Bg4 30. Qd6 Qxd6 31. Rxd6 Re1+ 32. Bf1 Rc1 33. Rd3 Nh5 34. h3 Bf5 35. Rd8+ Kh7 36. Ne2 Rb1 37. Kg2 Bxh3+ 38. Kxh3 Rxf1 39. Kg2 Rb1 40. Rd3 Re1 41. Rh3 Rxe2 42. Rxh5 Kg6 43. Rh3 Kf5 44. Rd3 Rb2 45. Kf3 h5 46. Re3 g6 47. Re5+ Kf6 48. Re3 Rb1 49. Kg3 Rd1 50. Kg2 Kf5 51. Kf3 Rg1 52. Re7 Rb1 53. Re5+ Kf6 54. Re3 Rd1 55. Kg2 Rd6 56. Kf3 Re6 57. Rd3 Ke7 58. Rd1 Rd6 59. Re1+ Kf6 60. Re3 a5 61. Kg3 Rd4 62. Kf3 a4 63. c5 axb3 64. Rxb3 b5 65. Re3 Rc4 66. Re4 Rxc5 67. Re3 Rc4 68. Kg3 c5 69. Kf3 b4 70. axb4 cxb4 71. Re8 Rc3+ 72. Kg2 b3 73. Rb8 Kf5 74. Rb4 Kg4 75. f3+ Kf5 76. Kg3 h4+ 77. Kg2 h3+ 78. Kg3 h2 79. Rb5+ Kf6 80. Kxh2 Rxf3 81. Rb4 Rc3 82. Kg2 Rc2+ 83. Kf3 b2 84. Ke3 Kf5 85. Kf3 Rh2 86. Kg3 Rc2 87. Kf3 Ke6 88. Ke3 Kd5 89. Kd3 Rf2 90. Ke3 Rh2 91. Kd3 Rg2 92. Rb5+ Kc6 93. Rb8 Kc5 94. Kc3 Kd5 95. Kd3 Rg3+ 96. Kc2 Ke4 97. Rb4+ Kf5 98. Kxb2 Rf3 99. Kc2 Rxf4 100. Rb3 Rd4 101. Kc3 Rd6 102. Rb5+ Kg4 103. Rb4+ Kh5 104. Kc2 g5 105. Rb3 Kh4 106. Rb8 g4 107. Rh8+ Kg3 108. Rg8 Kf3 109. Rf8+ Kg2 110. Rg8 g3 111. Rg7 Kf2 112. Rf7+ Kg1 113. Rg7 g2 114. Rg8 Rf6 115. Kd3 Kf2 0-1

[Event "Dubai op 5th"]
[Site "Dubai"]
[Date "2003.04.23"]
[Round "3"]
[White "Al Hammadi, Fatma"]
[Black "Al Khaja, Arif"]
[Result "0-1"]
[WhiteElo "1800"]
[BlackElo "2101"]
[PlyCount "124"]
[EventDate "2003.04.20"]
[EventType "swiss"]
[EventRounds "9"]
[EventCountry "UAE"]
[SourceTitle "CBM 093 Extra"]
[Source "ChessBase"]
[SourceDate "2003.05.09"]
[SourceVersion "1"]
[SourceVersionDate "2003.05.09"]
[SourceQuality "1"]

1. d4 d5 2. Nf3 Nf6 3. Bf4 c5 4. e3 Nc6 5. c3 Qb6 6. Qb3 c4 7. Qxb6 axb6 8. Na3 Bf5 9. Be2 Ra5 10. Bc7 Nd7 11. Nh4 e6 12. Nxf5 Bxa3 13. Nd6+ Bxd6 14. Bxd6 Nf6 15. f3 Kd7 16. Bg3 Rha8 17. a3 b5 18. Rc1 Nh5 19. Bf2 f5 20. Bd1 h6 21. 0-0 g5 22. Re1 Nf6 23. Bc2 Rf8 24. Re2 Raa8 25. Rce1 Rad8 26. e4 dxe4 27. fxe4 f4 28. d5 Ne7 29. Bc5 e5 30. Rd2 Rc8 31. Bb6 Kd6 32. h3 h5 33. Ba5 g4 34. Bb4+ Kd7 35. b3 gxh3 36. gxh3 Rg8+ 37. Rg2 f3 38. Rxg8 Rxg8+ 39. Kf2 Rg2+ 40. Kxf3 Rxc2 41. bxc4 bxc4 42. Rg1 Ne8 43. Rg5 Rd2 44. Rxe5 Rd3+ 45. Ke2 Ng6 46. Rf5 Rxh3 47. e5 Rh2+ 48. Ke3 Nc7 49. Rf7+ Kc8 50. d6 Nd5+ 51. Kd4 Nxb4 52. axb4 Rd2+ 53. Kc5 Nxe5 54. Rc7+ Kb8 55. Rh7 Ka7 56. Re7 Ng6 57. Re8 Nf4 58. Kxc4 Rxd6 59. Rf8 Ng6 60. Rf5 h4 61. Kc5 Ne7 62. Rh5 Rd5+ 0-1

[Event "Olympiad-35"]
[Site "Bled"]
[Date "2002.11.05"]
[Round "10.4"]
[White "Peralta, Eduardo"]
[Black "Al Khaja, Arif"]
[Result "1-0"]
[WhiteElo "2355"]
[BlackElo "2090"]
[PlyCount "97"]
[EventDate "2002.10.26"]
[EventType "team-swiss"]
[EventRounds "14"]
[EventCountry "SLO"]
[SourceTitle "EXT 2003"]
[Source "ChessBase"]
[SourceDate "2002.11.25"]
[SourceVersion "1"]
[SourceVersionDate "2002.11.25"]
[SourceQuality "1"]
[WhiteTeam "Paraguay"]
[BlackTeam "United Arab Emirates"]
[WhiteTeamCountry "PAR"]
[BlackTeamCountry "UAE"]

1. e4 c5 2. Nf3 Nc6 3. Nc3 g6 4. g3 Bg7 5. Bg2 d6 6. 0-0 e5 7. d3 Nge7 8. Be3 0-0 9. Qd2 Nd4 10. Ne1 Be6 11. Bh6 Qd7 12. Bxg7 Kxg7 13. f4 exf4 14. gxf4 f5 15. Nd1 Rae8 16. Ne3 b6 17. b4 a6 18. c3 Ndc6 19. d4 cxd4 20. cxd4 d5 21. e5 b5 22. Nf3 h6 23. Rfc1 Rc8 24. Rc5 Rc7 25. Bf1 Rb8 26. Rac1 Rcc8 27. a3 Nd8 28. Ng2 Nb7 29. Rxc8 Nxc8 30. Nge1 Nb6 31. Nd3 Nc4 32. Qf2 Bf7 33. Rc3 a5 34. Nc5 Qe7 35. h4 Kh7 36. Bd3 axb4 37. axb4 Ra8 38. h5 Nd8 39. Nh4 Nc6 40. Qg3 Rg8 41. hxg6+ Bxg6 42. Kf2 Nxd4 43. e6 Qf6 44. Bxc4 bxc4 45. Re3 Nc2 46. Re5 Qe7 47. Rxd5 Nxb4 48. Rd7 Qxd7 49. exd7 1-0

[Event "Abu Dhabi op 12th"]
[Site "Abu Dhabi"]
[Date "2002.08.15"]
[Round "4"]
[White "Al Khaja, Arif"]
[Black "Sarwat, Walaa"]
[Result "0-1"]
[WhiteElo "2078"]
[BlackElo "2396"]
[PlyCount "52"]
[EventDate "2002.08.12"]
[EventType "swiss"]
[EventRounds "9"]
[EventCountry "UAE"]
[SourceTitle "CBM 089 Extra"]
[Source "ChessBase"]
[SourceDate "2002.09.10"]
[SourceVersion "2"]
[SourceVersionDate "2002.09.10"]
[SourceQuality "1"]

1. d4 d5 2. Nf3 Nf6 3. c4 dxc4 4. Nc3 a6 5. a4 Nc6 6. e3 Na5 7. Ne5 Be6 8. Be2 g6 9. 0-0 Bg7 10. Bf3 c6 11. Qe2 0-0 12. Rd1 Rc8 13. e4 Nb3 14. d5 cxd5 15. exd5 Bf5 16. Ra3 Na5 17. g4 Bd7 18. g5 Ne8 19. Nxd7 Qxd7 20. Bg4 Qc7 21. Bxc8 Qxc8 22. Bf4 Qf5 23. Qe3 Bxc3 24. Bg3 Bxb2 25. Ra2 c3 26. Re1 Qxd5 0-1

[Event "Oberwart op"]
[Site "Oberwart"]
[Date "2002.07.05"]
[Round "1"]
[White "Al Khaja, Arif"]
[Black "Kuzmin, Alexey"]
[Result "0-1"]
[WhiteElo "2078"]
[BlackElo "2582"]
[PlyCount "54"]
[EventDate "2002.07.05"]
[EventType "swiss"]
[EventRounds "9"]
[EventCountry "AUT"]
[SourceTitle "CBM 089 Extra"]
[Source "ChessBase"]
[SourceDate "2002.09.10"]
[SourceVersion "2"]
[SourceVersionDate "2002.09.10"]
[SourceQuality "1"]

1. d4 Nf6 2. c4 g6 3. Nc3 Bg7 4. e4 d6 5. f3 0-0 6. Be3 a6 7. Qd2 Nbd7 8. Nge2 c5 9. d5 Ne5 10. Ng3 h5 11. Be2 h4 12. Nf1 h3 13. g4 b5 14. cxb5 axb5 15. Nxb5 Ba6 16. Kf2 Nexg4+ 17. Kg1 Nxe3 18. Nxe3 Nh5 19. Kf2 Nf4 20. Bc4 Bxb5 21. Bxb5 Bd4 22. Kf1 Qb6 23. a4 Qxb5+ 24. axb5 Rxa1+ 25. Nd1 Rb8 26. Qc2 Rxb5 27. b3 Rba5 0-1

[Event "Dubai op"]
[Site "Dubai"]
[Date "2002.04.25"]
[Round "9"]
[White "Al Khaja, Arif"]
[Black "Velikhanli, Firuza"]
[Result "0-1"]
[WhiteElo "2080"]
[BlackElo "2320"]
[PlyCount "158"]
[EventDate "2002.04.15"]
[EventType "swiss"]
[EventRounds "9"]
[EventCountry "UAE"]
[SourceTitle "CBM 087 Extra"]
[Source "ChessBase"]
[SourceDate "2002.05.03"]
[SourceVersion "2"]
[SourceVersionDate "2002.08.09"]
[SourceQuality "1"]

1. d4 Nf6 2. c4 g6 3. Nc3 Bg7 4. e4 d6 5. f3 0-0 6. Be3 a6 7. Qd2 Nc6 8. Bd3 e5 9. d5 Nd4 10. Nge2 Nd7 11. Bb1 Nxe2 12. Nxe2 f5 13. exf5 gxf5 14. Bg5 Qe8 15. 0-0 Nf6 16. Bc2 Qg6 17. Rae1 Bd7 18. b4 Rae8 19. Kh1 h6 20. Be3 h5 21. Kg1 Kh8 22. Kh1 Rg8 23. Rg1 Qf7 24. Bf2 f4 25. Nc3 Bh6 26. Ne4 Nxe4 27. Bxe4 Qf6 28. Re2 Rg7 29. Ree1 Reg8 30. Qc2 Bg5 31. Ref1 Qf8 32. a4 Qc8 33. b5 h4 34. Be1 h3 35. g4 fxg3 36. hxg3 Be3 37. Bf2 Bxf2 38. Qxf2 Bf5 39. Kh2 Bxe4 40. fxe4 Qg4 41. Qf3 axb5 42. axb5 Ra8 43. Qxg4 Rxg4 44. Rf7 Rg7 45. Rxg7 Kxg7 46. Kxh3 b6 47. Kg4 Kg6 48. Rf1 Ra4 49. Kh4 Rxc4 50. Re1 Rc5 51. Rb1 Rc3 52. Rb4 Kf6 53. Ra4 Rc1 54. Kg4 Ke7 55. Kg5 Rb1 56. Rc4 Kd7 57. g4 Rxb5 58. Rc1 Rb2 59. Kg6 Re2 60. Kf5 Rf2+ 61. Kg5 Rf4 62. Rc4 b5 63. Rb4 c6 64. dxc6+ Kxc6 65. Kh5 Kc5 66. Rb1 Rxe4 67. g5 Re2 68. Rc1+ Kd5 69. Rb1 Rh2+ 70. Kg4 Rg2+ 71. Kf5 Rf2+ 72. Kg4 e4 73. Rxb5+ Kd4 74. g6 d5 75. Rb6 e3 76. Kg3 Rf1 77. Rb7 Rf6 78. Rb2 Rxg6+ 79. Kf3 Rf6+ 0-1